000 00478nam a22001817a 4500
999 _c525762
_d525762
003 NUST
005 20190704071624.0
038 _aFaiza
082 _a891.4911
_bJAH
100 _aJahanger Manzar
_916704
245 _aDard Brity Barian/
_cJahanger Manzar
260 _aLahore:
_bPunjabi Markaz,
_c2011.
300 _a144p. ;
500 _aHard Cover
880 _6100-01\r
_aجہانگیر منظر
880 _6245-02\r
_a /درد بریتے بیڑیاں
942 _2ddc
_cBK